000 00803nam a22002777a 4500
001 BR8108766
003 BR-BrBNA
005 20230928091210.0
007 ta
008 230509b bl.||||| |||| 00| 0 por d
040 _aBR-BrBNA
_bpor
_cBiblioteca Nacional de Agricultura
041 _a(Por)
072 _aE11; F01; L01
_b/G514
090 _ E11 BR8108766
110 1 _aGoverno do Estado do Acre, Rio Branco (Brasil)
_95332
245 1 _aPrograma de desenvolvimento rural integrado - PDRI. Perfil [Acre]
_bVersao preliminar
260 3 _aRio Branco, AC (Brasil):
_c1981.
300 _a122 p.
650 _aDISTRIBUICAO DE TERRA
650 _aPEQUENO PRODUTOR
650 _aPECUARIA
650 _aPRODUTO AGRICOLA
650 _aACRE
909 _a202309
_bLucia
_c55
_dLucia Elande
942 _cBK
999 _c32788
_d32788